Celebrity Deaths 1700-1799 - Statistics

General Stats
  • This quiz has been taken 94 times
  • The average score is 18 of 30
Answer Stats
Hint Year Answer % Correct
The first President of the United States 1799 George Washington
92%
English genius who explained gravity 1727 Isaac Newton
88%
Composer of The Four Seasons 1741 Antonio Vivaldi
86%
Famous pirate whose real name was Edward Teach 1718 Blackbeard
85%
Longest-ruling female leader of Russia 1796 Catherine the Great
85%
The Queen of France during French revolution 1793 Marie Antoinette
85%
Discoverer of a famous comet 1742 Edmond Halley
80%
English explorer of the Pacific 1779 James Cook
78%
King of France known as the Sun King 1716 Louis XIV
78%
French revolutionary leader during the Reign of Terror 1794 Maximilien Robespierre
75%
The czar who modernized 18th century Russia 1725 Peter the Great
75%
Composer of Eine kleine Nachtmusik 1791 Wolfgang Amadeus Mozart
75%
One of the Founding Fathers of the United States 1790 Benjamin Franklin
71%
Scientist after who is first standardized temperature scale name 1736 Daniel Gabriel Fahrenheit
71%
German composer known for Brandenburg Concertos 1750 Johann Sebastian Bach
69%
The King of France during French revolution 1793 Louis XVI
69%
The author of Robinson Crusoe 1731 Daniel Defoe
66%
Italian adventurer whose name is now synonymous with "womanizer" 1798 Giacomo Casanova
58%
The satirical Irish author of Gulliver's Travels 1745 Jonathan Swift
58%
Craftsman of string instruments from Lombardy 1737 Antonio Stradivari
51%
Witty playwright and author of Candide 1778 Voltaire
51%
English philosopher and the Father of Classical Liberalism 1704 John Locke
37%
Swedish botanist who formalised binomial nomenclature 1778 Carl Linnaeus
36%
The only female ruler of the Habsburg Empire 1780 Maria Theresa
36%
Political philosopher known for his ‘Social Contract‘ 1778 Jean-Jacques Rousseau
34%
Scottish pirate whose real name was William 1701 Captain Kidd
17%
The mathematician who said God created the best of all possible worlds 1716 Gottfried Leibniz
17%
Welsh pirate known as Black Bart 1722 Bartholomew Roberts
14%
English pirate commonly known as Calico Jack 1720 John Rackham
12%
English pirate known as Black Sam and Prince of Pirates 1717 Samuel Bellamy
8%
No matching quizzes found
Score Distribution
Percent of People with Each Score
Percentile by Number Answered
Your Score History
You have not taken this quiz